000 00632nam a2200193 a 4500
005 20140412111236.0
008 010425s19uu xx 00 eng d
020 _a0-920668-37-2
050 _aTR(PS E
_bLo94 1986
100 _aMunsch, Robert
245 _aLove you forever /
_cwritten by Robert Munsch; illustrated by Shiela McGraw.
260 _aOntario, Canada :
_bA Firefly Book,
_c1986.
300 _a1 v. (unp.) ; ill.
520 _aA young woman holds her newborn son and looks at him lovingly. Softly she sings to him.
650 _aLove--Fiction
650 _aChildren stories
999 _c102430
_d102430